|
|
|
|
| LEADER |
00653cam a2200217 7i4500 |
| 001 |
0000022046 |
| 005 |
20090708090000.0 |
| 008 |
080422 eng |
| 020 |
|
|
|a 9781854311870
|
| 020 |
|
|
|a 1854311875 (pbk.)
|
| 090 |
0 |
0 |
|a KD661
|b .J56 1993
|
| 100 |
1 |
|
|a Johnson, Nick
|
| 245 |
1 |
0 |
|a A level law
|c Nick Johnson, Alan Pannett.
|
| 250 |
|
|
|a 2nd ed.
|
| 260 |
|
|
|a London:
|b Blackstone Press,
|c 1993.
|
| 300 |
|
|
|a 249 p.;
|c 23 cm.
|
| 490 |
0 |
|
|a Swot
|
| 504 |
|
|
|a Includes bibliographical references and index
|
| 650 |
0 |
0 |
|a Law --
|z Great Britain
|
| 700 |
1 |
|
|a Pannett, Alan
|
| 999 |
|
|
|a 0000028460
|b BOK
|c OPEN SHELF
|e 1st Floor, Bestari Jaya
|